000 00550nam a2200217Ia 4500
003 OSt
005 20220928151302.0
006 a|||||r|||| 00| 0
007 ta
008 220927b |||||||| |||| 00| 0 eng d
024 _a122681
037 _cTextual
040 _aSDCL
_cSDCL
_beng
041 _2eng
_aeng
082 _aO123,J:g, M6
100 _aMaravall Jose Antonio
_9516925
245 0 _aCulture of the Baroque.
260 _c1986
942 _hO123,J:g, M6
_cTEXL
_2CC
999 _c850936
_d850936